[Event "Hamburg-chT Landesliga 1314"]
[Site "Hamburg"]
[Date "2014.04.13"]
[Round "9.4"]
[White "Storm, Roland"]
[Black "Dettmann, Steffen"]
[Result "1/2-1/2"]
[WhiteElo "2134"]
[BlackElo "2180"]
[PlyCount "98"]
[EventDate "2013.10.13"]
[EventType "team-tourn"]
[EventRounds "9"]
[EventCountry "GER"]
[SourceTitle "EXT 2022"]
[Source "ChessBase"]
[SourceDate "2021.10.06"]
[SourceVersion "1"]
[SourceVersionDate "2021.10.06"]
[SourceQuality "1"]
[WhiteTeam "Grosshansdorf"]
[BlackTeam "Hamburg Koenigsspringer II"]
[WhiteTeamCountry "GER"]
[BlackTeamCountry "GER"]

1. e4 e5 2. Nf3 Nf6 3. Nxe5 d6 4. Nf3 Nxe4 5. Nc3 Nxc3 6. dxc3 Be7 7. Be3 Nd7 8. Be2 Ne5 9. Nxe5 dxe5 10. Qxd8+ Bxd8 11. Bc5 Be7 12. Bxe7 Kxe7 13. f3 Be6 14. Bd3 g6 15. Kf2 f5 16. Rhe1 Kf6 17. Re3 Rhe8 18. a4 a5 19. Rae1 Bd7 20. b3 Rad8 21. h4 Bc6 22. R3e2 Rd6 23. g4 h6 24. h5 fxg4 25. fxg4 gxh5 26. gxh5 e4 27. Bxe4 Bxe4 28. Rxe4 Rxe4 29. Rxe4 Rd2+ 30. Ke3 Rxc2 31. Rc4 c6 32. Kd3 Rg2 33. b4 Rg5 34. bxa5 Rxa5 35. Rb4 Rxh5 36. Rxb7 Ra5 37. Rb6 Rxa4 38. Rxc6+ Kg5 39. c4 h5 40. Rc8 h4 41. Kd4 h3 42. Rh8 Kg4 43. Kd5 Kg3 44. Rg8+ Kf2 45. Rh8 Kg3 46. Rg8+ Kf2 47. Rh8 Ra3 48. c5 Kg2 49. c6 h2 1/2-1/2

[Event "Hamburg-chT Landesliga 1213"]
[Site "Hamburg"]
[Date "2013.04.14"]
[Round "9.3"]
[White "Storm, Roland"]
[Black "Wronn, Bernd"]
[Result "0-1"]
[WhiteElo "2192"]
[BlackElo "2184"]
[PlyCount "147"]
[EventDate "2012.10.14"]
[EventType "team-tourn"]
[EventRounds "9"]
[EventCountry "GER"]
[SourceTitle "EXT 2022"]
[Source "ChessBase"]
[SourceDate "2021.10.06"]
[SourceVersion "1"]
[SourceVersionDate "2021.10.06"]
[SourceQuality "1"]
[WhiteTeam "Grosshansdorf"]
[BlackTeam "St Pauli"]
[WhiteTeamCountry "GER"]
[BlackTeamCountry "GER"]

1. e4 c6 2. d4 d5 3. Nc3 dxe4 4. Nxe4 Nf6 5. Nxf6+ gxf6 6. Qd3 Na6 7. Bd2 Qb6 8. 0-0-0 Bg4 9. Ne2 e6 10. f3 Bf5 11. Qb3 Nb4 12. Bxb4 Qxb4 13. Qxb4 Bxb4 14. g4 Bg6 15. Nf4 Bd6 16. Nxg6 hxg6 17. h3 Bf4+ 18. Kb1 Rd8 19. Bg2 g5 20. c3 Ke7 21. Kc2 Rd5 22. Rhe1 Rhd8 23. Rh1 c5 24. Rd3 cxd4 25. Rhd1 e5 26. Bf1 Rc5 27. Kb3 Be3 28. a4 Rd6 29. Kc2 f5 30. Bg2 Rh6 31. Re1 f4 32. Ra1 Rd6 33. Ra3 b6 34. Ra1 dxc3 35. bxc3 Rdc6 36. Kb3 a6 37. Bf1 f5 38. Rad1 Ke6 39. gxf5+ Kxf5 40. c4 Bd4 41. R3d2 Rc7 42. Bd3+ Kf6 43. Rh1 Rg7 44. Rc2 Rg8 45. Be4 Rh8 46. Bd3 Rh5 47. Bf1 e4 48. Bg2 e3 49. Rd1 Ke5 50. Bf1 Rh6 51. Rg2 Rh5 52. Rc2 Rc6 53. Bg2 Rh8 54. Bf1 Rd6 55. Bg2 Rhd8 56. Bf1 a5 57. Rg2 Kf6 58. Kc2 Bc5 59. Rd3 Rxd3 60. Bxd3 Rh8 61. Be2 Rxh3 62. Kd3 Rh8 63. Kc2 Bb4 64. Bd3 Rh1 65. Be2 Bc5 66. Bd1 Be7 67. Be2 Ke5 68. Kc3 Bf6 69. Kd3 Ra1 70. c5 bxc5 71. Kc4 Rc1+ 72. Kb5 Bd8 73. Bc4 Kd4 74. Ba2 0-1

[Event "Oberliga Nord N 0405"]
[Site "Germany"]
[Date "2005.04.10"]
[Round "9.4"]
[White "Storm, Roland"]
[Black "Kosak, Michael"]
[Result "1-0"]
[WhiteElo "2235"]
[BlackElo "2112"]
[PlyCount "93"]
[EventDate "2004.10.24"]
[EventType "team-tourn"]
[EventRounds "9"]
[EventCountry "GER"]
[SourceTitle "EXT 2006"]
[Source "ChessBase"]
[SourceDate "2005.11.24"]
[SourceVersion "1"]
[SourceVersionDate "2005.11.24"]
[SourceQuality "1"]
[WhiteTeam "Grosshansdorf"]
[BlackTeam "Neumuenster"]
[WhiteTeamCountry "GER"]
[BlackTeamCountry "GER"]

1. e4 c5 2. Nc3 Nc6 3. f4 e6 4. Nf3 d5 5. Bb5 Nf6 6. e5 Nd7 7. Bxc6 bxc6 8. 0-0 c4 9. b3 Ba6 10. Re1 Bc5+ 11. Kh1 0-0 12. Na4 Be7 13. f5 exf5 14. Nd4 Qc7 15. Nxf5 Nxe5 16. bxc4 Bf6 17. cxd5 cxd5 18. d4 Nc4 19. Nc5 Bc8 20. Rf1 Bxf5 21. Rxf5 Qc6 22. c3 g6 23. Rf3 Rae8 24. Bf4 Re7 25. Qd3 Bg7 26. Bg5 Re4 27. Raf1 f5 28. Qd1 h6 29. Bc1 Re7 30. Nd3 Kh7 31. Rh3 Rfe8 32. Bg5 Re4 33. Qc1 h5 34. Qd1 Qe6 35. Nc5 Re1 36. Nxe6 Rxd1 37. Rxd1 Rxe6 38. Kg1 Re2 39. Ra1 Nd6 40. Re3 Rc2 41. Re7 Ne4 42. Bf4 Kg8 43. Rb1 g5 44. Be5 Bf8 45. Rxa7 Nxc3 46. Rb8 Ne4 47. Rg7+ 1-0

[Event "Oberliga Nord N 0405"]
[Site "Germany"]
[Date "2004.12.12"]
[Round "4.4"]
[White "Storm, Roland"]
[Black "Guzman, Enrique"]
[Result "0-1"]
[WhiteElo "2235"]
[BlackElo "2237"]
[PlyCount "76"]
[EventDate "2004.10.24"]
[EventType "team-tourn"]
[EventRounds "9"]
[EventCountry "GER"]
[SourceTitle "EXT 2006"]
[Source "ChessBase"]
[SourceDate "2005.11.24"]
[SourceVersion "1"]
[SourceVersionDate "2005.11.24"]
[SourceQuality "1"]
[WhiteTeam "Grosshansdorf"]
[BlackTeam "Hamburger SK III"]
[WhiteTeamCountry "GER"]
[BlackTeamCountry "GER"]

1. e4 e5 2. Nf3 Nc6 3. Nc3 Nf6 4. g3 Bc5 5. Bg2 d6 6. d3 h6 7. Be3 Be6 8. Qd2 Qd7 9. 0-0-0 Bb4 10. a3 Ba5 11. Ng1 Nd4 12. f4 c5 13. Rf1 Bb3 14. Bxd4 cxd4 15. cxb3 dxc3 16. bxc3 Bxc3 17. Qc2 Rc8 18. Bh3 Ng4 19. Kb1 Bd4 20. Qe2 Qb5 21. Ka2 Rc3 22. Rb1 Nf2 23. Nf3 Nxh1 24. Nxd4 exd4 25. e5 dxe5 26. a4 Qc5 27. Rb2 0-0 28. fxe5 Re8 29. e6 fxe6 30. Bg2 Rc8 31. b4 Qd6 32. Bxh1 Qd7 33. b5 Qd6 34. Qe1 Qa3+ 35. Kb1 Rc1+ 36. Qxc1 Rxc1+ 37. Kxc1 Qa1+ 38. Kc2 Qxh1 0-1

[Event "Oberliga Nord N 0405"]
[Site "Germany"]
[Date "2004.11.14"]
[Round "2.4"]
[White "Storm, Roland"]
[Black "Dietz, Juergen"]
[Result "1-0"]
[WhiteElo "2235"]
[BlackElo "2263"]
[PlyCount "55"]
[EventDate "2004.10.24"]
[EventType "team-tourn"]
[EventRounds "9"]
[EventCountry "GER"]
[SourceTitle "EXT 2006"]
[Source "ChessBase"]
[SourceDate "2005.11.24"]
[SourceVersion "1"]
[SourceVersionDate "2005.11.24"]
[SourceQuality "1"]
[WhiteTeam "Grosshansdorf"]
[BlackTeam "Hamburg SV 1934"]
[WhiteTeamCountry "GER"]
[BlackTeamCountry "GER"]

1. e4 e6 2. d4 d5 3. e5 c5 4. c3 Nc6 5. Be3 Nh6 6. Nf3 Nf5 7. Bd3 cxd4 8. cxd4 Nxe3 9. fxe3 Qb6 10. Qe2 Bd7 11. 0-0 Be7 12. Nc3 Nb4 13. Bb1 Qa6 14. Qd2 f5 15. exf6 gxf6 16. a3 Nc6 17. e4 dxe4 18. Bxe4 Qb6 19. Kh1 Nd8 20. d5 e5 21. Nh4 Nf7 22. Nf5 Bxf5 23. Bxf5 Qd4 24. Qe2 a6 25. Rad1 Qh4 26. Rd3 h5 27. Ne4 Ng5 28. g3 1-0

[Event "Oberliga Nord N 0304"]
[Site "Germany"]
[Date "2004.03.07"]
[Round "7.3"]
[White "Storm, Roland"]
[Black "Hueneburg, Christian"]
[Result "1/2-1/2"]
[WhiteElo "2225"]
[BlackElo "2268"]
[PlyCount "65"]
[EventDate "2003.10.12"]
[EventType "team-tourn"]
[EventRounds "9"]
[EventCountry "GER"]
[SourceTitle "EXT 2005"]
[Source "ChessBase"]
[SourceDate "2004.11.15"]
[SourceVersion "1"]
[SourceVersionDate "2004.11.15"]
[SourceQuality "1"]
[WhiteTeam "Grosshansdorf"]
[BlackTeam "Schwerin"]
[WhiteTeamCountry "GER"]
[BlackTeamCountry "GER"]

1. e4 c5 2. b3 Nc6 3. Bb2 e5 4. Nc3 Nf6 5. g3 Be7 6. Bg2 a6 7. Nd5 d6 8. Nxf6+ Bxf6 9. Ne2 Bg4 10. h3 Be6 11. Nc3 0-0 12. Nd5 Nb4 13. Nxf6+ Qxf6 14. 0-0 Qh6 15. g4 Rad8 16. d3 Nc6 17. Bc1 g5 18. Be3 Ne7 19. c3 Ng6 20. d4 cxd4 21. cxd4 Nf4 22. Bxf4 gxf4 23. Qd3 Qg5 24. Rfd1 h5 25. f3 Kg7 26. Rac1 hxg4 27. fxg4 Rc8 28. Qd2 Qh4 29. Qf2 Qg5 30. Qf3 Rh8 31. Kf1 Qh4 32. Qf2 Qg5 33. Qf3 1/2-1/2

[Event "Oberliga Nord N 0304"]
[Site "Germany"]
[Date "2004.02.15"]
[Round "6.5"]
[White "Jeske, Eckhard"]
[Black "Storm, Roland"]
[Result "1/2-1/2"]
[WhiteElo "2213"]
[BlackElo "2225"]
[PlyCount "136"]
[EventDate "2003.10.12"]
[EventType "team-tourn"]
[EventRounds "9"]
[EventCountry "GER"]
[SourceTitle "EXT 2005"]
[Source "ChessBase"]
[SourceDate "2004.11.15"]
[SourceVersion "1"]
[SourceVersionDate "2004.11.15"]
[SourceQuality "1"]
[WhiteTeam "Rostock Polizei"]
[BlackTeam "Grosshansdorf"]
[WhiteTeamCountry "GER"]
[BlackTeamCountry "GER"]

1. c4 f5 2. Nc3 Nf6 3. g3 d6 4. Bg2 g6 5. d3 Bg7 6. e4 fxe4 7. dxe4 e5 8. Nge2 Nc6 9. h3 0-0 10. 0-0 Be6 11. Nd5 Qd7 12. Kh2 Ne7 13. Nec3 Rad8 14. Qe2 c6 15. Nxf6+ Bxf6 16. Bh6 Rf7 17. Rad1 Kh8 18. Be3 b6 19. Rd2 Nc8 20. b3 Qe8 21. Qd1 Qg8 22. Ne2 Rdf8 23. f4 Bg7 24. Nc1 h5 25. f5 gxf5 26. Qxh5+ Qh7 27. Qxh7+ Kxh7 28. exf5 Bxf5 29. Bxc6 Bh6 30. Bxh6 Kxh6 31. Bd5 Rf6 32. Rdf2 Kg7 33. g4 Bb1 34. Kg3 Ne7 35. Rxf6 Rxf6 36. Bg2 Ng6 37. Re1 Kf7 38. h4 Nf4 39. Be4 Bxe4 40. Rxe4 Rg6 41. Ne2 Nh5+ 42. Kh3 Nf6 43. Re3 Rxg4 44. Rf3 Rg6 45. Nc3 Ke6 46. Rg3 Rxg3+ 47. Kxg3 a6 48. a3 Kf5 49. Kf3 e4+ 50. Ke3 Ke5 51. Nd5 Ng4+ 52. Kd2 b5 53. Ne3 Nf6 54. Kc3 bxc4 55. Nxc4+ Kd5 56. Ne3+ Ke5 57. Nc4+ Kd5 58. Ne3+ Ke5 59. b4 d5 60. Nc2 Nh5 61. a4 Nf4 62. a5 d4+ 63. Kc4 Nd5 64. Nxd4 Nxb4 65. h5 Nd5 66. h6 Nf6 67. Ne2 Nh7 68. Kc5 e3 1/2-1/2

[Event "Oberliga Nord N 9899"]
[Site "Germany"]
[Date "1999.??.??"]
[Round "?"]
[White "Salov, Sergej"]
[Black "Storm, Roland"]
[Result "1-0"]
[WhiteElo "2305"]
[BlackElo "2280"]
[PlyCount "81"]
[EventDate "1998.10.??"]
[EventType "team-tourn"]
[EventRounds "9"]
[EventCountry "GER"]
[SourceTitle "EXT 2000"]
[Source "ChessBase"]
[SourceDate "1999.11.16"]
[SourceVersion "1"]
[SourceVersionDate "1999.11.16"]
[SourceQuality "1"]

1. e4 Nc6 2. d4 d6 3. Nf3 Nf6 4. Nc3 Bg4 5. Bb5 a6 6. Bxc6+ bxc6 7. Qe2 e6 8. h3 Bxf3 9. Qxf3 d5 10. Bg5 Be7 11. Bxf6 Bxf6 12. 0-0-0 Rb8 13. Kb1 Rb4 14. Rhe1 Rxd4 15. Rxd4 Bxd4 16. exd5 cxd5 17. Nxd5 0-0 18. Nc3 Qb8 19. Rd1 Rd8 20. Rd3 c5 21. Nd1 h6 22. c3 Bf6 23. Rxd8+ Qxd8 24. Kc2 Qa5 25. Qa8+ Kh7 26. Qe4+ Kg8 27. a4 Qb6 28. Ne3 Be7 29. Qa8+ Bf8 30. Nc4 Qc7 31. g3 Qe7 32. Qxa6 Qf6 33. Qc6 Qxf2+ 34. Kb3 Qxg3 35. a5 Qd3 36. a6 Qd1+ 37. Ka2 Qd3 38. Qb5 Qd5 39. a7 g5 40. Qa6 Qa8 41. Nb6 1-0

[Event "Oberliga Nord N 9798"]
[Site "Germany"]
[Date "1998.??.??"]
[Round "?"]
[White "Storm, Roland"]
[Black "Bohnsack, Ralf"]
[Result "1-0"]
[WhiteElo "2275"]
[BlackElo "2260"]
[PlyCount "113"]
[EventDate "1997.10.??"]
[EventType "team-tourn"]
[EventRounds "9"]
[EventCountry "GER"]
[SourceTitle "EXT 1999"]
[Source "ChessBase"]
[SourceDate "1998.11.16"]
[SourceVersion "1"]
[SourceVersionDate "1998.11.16"]
[SourceQuality "1"]

1. d4 Nf6 2. Nf3 c5 3. d5 g6 4. Nc3 Bg7 5. e4 d6 6. Be2 0-0 7. 0-0 e6 8. dxe6 Bxe6 9. Bf4 d5 10. exd5 Nxd5 11. Nxd5 Qxd5 12. Qxd5 Bxd5 13. Rfd1 Bc6 14. c3 Nd7 15. Be3 Rfe8 16. Bc4 Nb6 17. Bb3 c4 18. Bc2 Nd5 19. Bd2 Re2 20. Kf1 Rae8 21. Re1 Rxe1+ 22. Rxe1 Rxe1+ 23. Kxe1 Kf8 24. Ke2 Ke7 25. Bg5+ f6 26. Bc1 f5 27. g3 Kd6 28. h4 b5 29. Ng5 Nf6 30. Be3 a6 31. Bd4 h5 32. Nf7+ Ke7 33. Ne5 Be8 34. a4 Kd6 35. axb5 axb5 36. b3 Kd5 37. bxc4+ bxc4 38. Nf3 Bf7 39. Ba4 Be6 40. Ne5 Ng4 41. Nxg6 Bxd4 42. Nf4+ Kd6 43. cxd4 Nf6 44. Bc2 Bc8 45. Kd2 Kc6 46. Ng6 Nd5 47. Bd1 c3+ 48. Kc2 f4 49. Nxf4 Bf5+ 50. Kb3 Nxf4 51. gxf4 Kd5 52. Kxc3 Bg6 53. Bf3+ Ke6 54. Kd2 Be8 55. Ke3 Kf5 56. d5 Bf7 57. d6 1-0

[Event "Oberliga Nord N 9798"]
[Site "Germany"]
[Date "1998.??.??"]
[Round "?"]
[White "Storm, Roland"]
[Black "Zieher, Hartmut"]
[Result "1/2-1/2"]
[WhiteElo "2275"]
[BlackElo "2200"]
[PlyCount "145"]
[EventDate "1997.10.??"]
[EventType "team-tourn"]
[EventRounds "9"]
[EventCountry "GER"]
[SourceTitle "EXT 1999"]
[Source "ChessBase"]
[SourceDate "1998.11.16"]
[SourceVersion "1"]
[SourceVersionDate "1998.11.16"]
[SourceQuality "1"]

1. d4 d5 2. Nf3 Nf6 3. c4 dxc4 4. e3 Bg4 5. Bxc4 e6 6. h3 Bh5 7. Nbd2 a6 8. 0-0 c5 9. dxc5 Bxc5 10. a3 0-0 11. b4 Ba7 12. Bb2 Nc6 13. Qb3 Qe7 14. Ne5 Nxe5 15. Bxe5 Rfd8 16. Qb2 b5 17. Bb3 Rd3 18. Rfc1 Rad8 19. Nf1 Ne8 20. Bc2 R3d7 21. Be4 f6 22. Bc3 Nd6 23. Bc2 Nc4 24. Qb1 h6 25. a4 Rc8 26. axb5 axb5 27. Ng3 Bf7 28. Be4 Qd6 29. Rd1 Qxd1+ 30. Qxd1 Rxd1+ 31. Rxd1 f5 32. Rd7 Nxe3 33. Bd2 fxe4 34. Rxa7 Nc4 35. Bc1 Rd8 36. Kh2 Rd1 37. Be3 Nxe3 38. fxe3 Rb1 39. Nxe4 Rxb4 40. Nd6 Bg6 41. Rb7 Rb3 42. Rxb5 Rxe3 43. Rb2 Kf8 44. Kg1 Ke7 45. Nc4 Re4 46. Nd2 Re2 47. Nc4 Re4 48. Nd2 Ra4 49. Kf2 Kf6 50. Ke3 Bf5 51. Kf2 Ra3 52. Nc4 Rc3 53. Ne3 Bd3 54. Rb6 Be4 55. Rb4 Bc6 56. Ng4+ Ke7 57. Ne3 Ra3 58. Rb2 Kf6 59. Rc2 Be4 60. Rb2 h5 61. h4 Ra4 62. Rd2 Ba8 63. g3 Ra1 64. g4 Ra4 65. Kg3 Ra3 66. Kf2 hxg4 67. Nxg4+ Kg6 68. Ne3 Ra4 69. Kg3 Re4 70. Rd3 Kh5 71. Ra3 Bc6 72. Rc3 Ba8 73. Ra3 1/2-1/2

[Event "Oberliga Nord N 9798"]
[Site "Germany"]
[Date "1997.??.??"]
[Round "?"]
[White "Rabeler, Gert"]
[Black "Storm, Roland"]
[Result "1-0"]
[WhiteElo "2350"]
[BlackElo "2275"]
[PlyCount "69"]
[EventDate "1997.10.??"]
[EventType "team-tourn"]
[EventRounds "9"]
[EventCountry "GER"]
[SourceTitle "EXT 1999"]
[Source "ChessBase"]
[SourceDate "1998.11.16"]
[SourceVersion "1"]
[SourceVersionDate "1998.11.16"]
[SourceQuality "1"]

1. d4 d5 2. Nf3 c6 3. Bf4 Nf6 4. e3 Bf5 5. c4 e6 6. Nc3 Nbd7 7. Be2 Be7 8. 0-0 h6 9. cxd5 cxd5 10. Nb5 0-0 11. Bc7 Qc8 12. Rc1 Ne8 13. Qb3 Ndf6 14. Ba5 Qb8 15. Nc7 Nxc7 16. Bxc7 Qc8 17. Bg3 Qd7 18. Rc7 Qd8 19. Rxb7 Bd6 20. Bxd6 Qxd6 21. Ne5 Ne4 22. Rc1 Rfc8 23. Rxc8+ Rxc8 24. g4 Bg6 25. Rxa7 Qd8 26. Nxg6 fxg6 27. Bf3 Rc1+ 28. Kg2 Qh4 29. Qb8+ Kh7 30. Qf4 e5 31. dxe5 h5 32. Bxe4 dxe4 33. g5 Qg4+ 34. Qxg4 hxg4 35. e6 1-0

[Event "Oberliga Nord N 9798"]
[Site "Germany"]
[Date "1997.??.??"]
[Round "?"]
[White "Storm, Roland"]
[Black "Heyken, Enno"]
[Result "0-1"]
[WhiteElo "2275"]
[BlackElo "2325"]
[PlyCount "52"]
[EventDate "1997.10.??"]
[EventType "team-tourn"]
[EventRounds "9"]
[EventCountry "GER"]
[SourceTitle "EXT 1999"]
[Source "ChessBase"]
[SourceDate "1998.11.16"]
[SourceVersion "1"]
[SourceVersionDate "1998.11.16"]
[SourceQuality "1"]

1. d4 c5 2. dxc5 e6 3. Nf3 Bxc5 4. e4 Qb6 5. Qd2 Nf6 6. Bd3 d5 7. exd5 exd5 8. 0-0 0-0 9. Nc3 Bd7 10. Qg5 Bc6 11. Nh4 Nbd7 12. Nf5 g6 13. Bd2 Rfe8 14. Nh6+ Kg7 15. Qg3 d4 16. Ne2 Ne5 17. Nf5+ Kh8 18. Qh4 Nfg4 19. Nh6 Nxh6 20. Be4 Nf5 21. Qf4 Nc4 22. Bc1 Bd6 23. Qg4 h5 24. Qg5 Rxe4 25. Qf6+ Kg8 26. Ng3 Bxg3 0-1

[Event "Oberliga Nord N 9596"]
[Site "Germany"]
[Date "1996.??.??"]
[Round "?"]
[White "Lamprecht, Frank"]
[Black "Storm, Roland"]
[Result "1/2-1/2"]
[WhiteElo "2395"]
[BlackElo "2305"]
[PlyCount "78"]
[EventDate "1995.10.??"]
[EventType "team-tourn"]
[EventRounds "9"]
[EventCountry "GER"]
[SourceTitle "EXT 1999"]
[Source "ChessBase"]
[SourceDate "1998.11.16"]
[SourceVersion "1"]
[SourceVersionDate "1998.11.16"]
[SourceQuality "1"]

1. d4 Nf6 2. c4 e5 3. dxe5 Ng4 4. Bf4 Nc6 5. Nf3 Bb4+ 6. Nbd2 Qe7 7. e3 Ngxe5 8. Nxe5 Nxe5 9. Be2 0-0 10. 0-0 Bxd2 11. Qxd2 d6 12. Rac1 a5 13. c5 dxc5 14. Qd5 Ng6 15. Bg3 Be6 16. Qxc5 Qxc5 17. Rxc5 c6 18. Bc7 Rfc8 19. Rxa5 Rxa5 20. Bxa5 Bxa2 21. Rd1 Bd5 22. f3 f5 23. Bb6 Ne5 24. Bd4 Nf7 25. Ra1 g6 26. Bc5 Ne5 27. Ra7 Nd7 28. Bd4 c5 29. Bc3 Nb6 30. Kf2 Kf7 31. Ba5 Na8 32. h3 Ke6 33. g4 Nc7 34. Bc3 c4 35. Ra1 Nb5 36. Bd2 Nd6 37. Bb4 Nf7 38. gxf5+ gxf5 39. Rg1 Rc7 1/2-1/2

[Event "Oberliga Nord N 9394"]
[Site "Germany"]
[Date "1994.??.??"]
[Round "?"]
[White "Blauert, Joerg"]
[Black "Storm, Roland"]
[Result "1/2-1/2"]
[WhiteElo "2390"]
[BlackElo "2310"]
[PlyCount "42"]
[EventDate "1993.10.??"]
[EventType "team-tourn"]
[EventRounds "9"]
[EventCountry "GER"]
[SourceTitle "EXT 1999"]
[Source "ChessBase"]
[SourceDate "1998.11.16"]
[SourceVersion "1"]
[SourceVersionDate "1998.11.16"]
[SourceQuality "1"]

1. e4 d5 2. exd5 Qxd5 3. Nc3 Qa5 4. d4 Nf6 5. Nf3 Bf5 6. Bc4 e6 7. Bd2 c6 8. Qe2 Bb4 9. Ne5 Nbd7 10. 0-0-0 Nxe5 11. dxe5 Nd5 12. Nxd5 Bxd2+ 13. Rxd2 exd5 14. Bb3 h5 15. Qf3 g6 16. h3 0-0-0 17. Rhd1 Qc7 18. g4 Be6 19. Qg3 hxg4 20. hxg4 Qe7 21. f3 Qg5 1/2-1/2

[Event "Oberliga Nord N 9495"]
[Site "Germany"]
[Date "1994.??.??"]
[Round "?"]
[White "Sommerfeld, Armin"]
[Black "Storm, Roland"]
[Result "1/2-1/2"]
[WhiteElo "2250"]
[BlackElo "2310"]
[PlyCount "63"]
[EventDate "1994.10.??"]
[EventType "team-tourn"]
[EventRounds "9"]
[EventCountry "GER"]
[SourceTitle "EXT 1999"]
[Source "ChessBase"]
[SourceDate "1998.11.16"]
[SourceVersion "1"]
[SourceVersionDate "1998.11.16"]
[SourceQuality "1"]

1. Nf3 d5 2. g3 e6 3. Bg2 f5 4. 0-0 Nf6 5. d3 c5 6. Nbd2 Nc6 7. c3 Be7 8. a3 0-0 9. b4 d4 10. b5 dxc3 11. bxc6 cxd2 12. Bxd2 bxc6 13. Ne5 Bb7 14. Qb3 Qc8 15. Rab1 Rb8 16. Bf4 Bd6 17. Ng6 Ba6 18. Bxd6 Rxb3 19. Ne7+ Kf7 20. Nxc8 Rxb1 21. Rxb1 Rxc8 22. Bxc5 Nd5 23. Rb3 Rc7 24. Kf1 Bb5 25. Ke1 Rd7 26. d4 a5 27. Kd2 a4 28. Rb1 Nf6 29. h3 e5 30. e3 Ne4+ 31. Bxe4 fxe4 32. Kc3 1/2-1/2

[Event "Oberliga Nord N 9293"]
[Site "Germany"]
[Date "1993.??.??"]
[Round "?"]
[White "Junge, Kai"]
[Black "Storm, Roland"]
[Result "0-1"]
[WhiteElo "2265"]
[BlackElo "2300"]
[PlyCount "82"]
[EventDate "1992.10.??"]
[EventType "team-tourn"]
[EventRounds "9"]
[EventCountry "GER"]
[SourceTitle "EXT 1997"]
[Source "ChessBase"]
[SourceDate "1996.11.15"]
[SourceVersion "1"]
[SourceVersionDate "1996.11.15"]
[SourceQuality "1"]

1. Nf3 d5 2. g3 c6 3. Bg2 g6 4. d4 Bg7 5. 0-0 Nf6 6. c4 0-0 7. cxd5 cxd5 8. Nc3 Nc6 9. Ne5 Bf5 10. Nxc6 bxc6 11. Na4 Nd7 12. Bf4 Qa5 13. a3 Rac8 14. b4 Qb5 15. Rc1 Bxd4 16. Qxd4 Qxa4 17. Bh6 e5 18. Qh4 Rfe8 19. e4 Be6 20. Rc5 Qxa3 21. exd5 cxd5 22. Ra5 Qb3 23. Rxa7 Rc4 24. Qg5 f6 25. Qd2 Rd4 26. Qc1 Qxb4 27. Qc6 Qb6 28. Qxb6 Nxb6 29. Rb1 Nd7 30. h4 Kf7 31. Rbb7 Ke7 32. Kh2 Rc8 33. Be3 Rd1 34. Bf3 Rd3 35. Bg2 Rc2 36. Bb6 Rdd2 37. Bh3 f5 38. Bf1 d4 39. Kg1 Rd1 40. Rc7 Rxc7 41. Rxc7 d3 0-1

[Event "Oberliga Nord N 9293"]
[Site "Germany"]
[Date "1993.??.??"]
[Round "?"]
[White "Lamprecht, Frank"]
[Black "Storm, Roland"]
[Result "1/2-1/2"]
[WhiteElo "2330"]
[BlackElo "2300"]
[PlyCount "29"]
[EventDate "1992.10.??"]
[EventType "team-tourn"]
[EventRounds "9"]
[EventCountry "GER"]
[SourceTitle "EXT 1997"]
[Source "ChessBase"]
[SourceDate "1996.11.15"]
[SourceVersion "1"]
[SourceVersionDate "1996.11.15"]
[SourceQuality "1"]

1. d4 d5 2. c4 c6 3. Nf3 e6 4. e3 f5 5. Be2 Nf6 6. 0-0 Bd6 7. b3 Qe7 8. Bb2 0-0 9. Qc1 b6 10. Ba3 Bb7 11. Bxd6 Qxd6 12. cxd5 cxd5 13. Qa3 Ne4 14. Qxd6 Nxd6 15. Nc3 1/2-1/2

[Event "Oberliga Nord N 9192"]
[Site "Germany"]
[Date "1992.??.??"]
[Round "?"]
[White "Breyther, Ruediger"]
[Black "Storm, Roland"]
[Result "1/2-1/2"]
[WhiteElo "2325"]
[BlackElo "2315"]
[PlyCount "42"]
[EventDate "1991.10.??"]
[EventType "team-tourn"]
[EventRounds "11"]
[EventCountry "GER"]
[SourceTitle "EXT 1997"]
[Source "ChessBase"]
[SourceDate "1996.11.15"]
[SourceVersion "1"]
[SourceVersionDate "1996.11.15"]
[SourceQuality "1"]

1. e4 d5 2. exd5 Qxd5 3. Nc3 Qa5 4. d4 Nf6 5. Nf3 Bf5 6. Bc4 c6 7. Ne5 e6 8. 0-0 Nbd7 9. Nxd7 Nxd7 10. Qe2 0-0-0 11. Nd1 Nb6 12. Bd2 Bb4 13. c3 Nxc4 14. Qxc4 Bd6 15. Ne3 Bg6 16. Rfe1 Kb8 17. Qe2 Qc7 18. Nf1 Rhe8 19. Bg5 f6 20. Bh4 e5 21. dxe5 Bxe5 1/2-1/2

[Event "Oberliga Nord N 9192"]
[Site "Germany"]
[Date "1992.??.??"]
[Round "?"]
[White "Fette, Martin"]
[Black "Storm, Roland"]
[Result "1-0"]
[WhiteElo "2390"]
[BlackElo "2315"]
[PlyCount "33"]
[EventDate "1991.10.??"]
[EventType "team-tourn"]
[EventRounds "11"]
[EventCountry "GER"]
[SourceTitle "EXT 1997"]
[Source "ChessBase"]
[SourceDate "1996.11.15"]
[SourceVersion "1"]
[SourceVersionDate "1996.11.15"]
[SourceQuality "1"]

1. e4 c5 2. Nf3 Nf6 3. Nc3 d5 4. exd5 Nxd5 5. Bb5+ Bd7 6. Qe2 Nxc3 7. dxc3 Nc6 8. Bf4 a6 9. Bxc6 Bxc6 10. 0-0 e6 11. Ne5 Qf6 12. Bg3 Rc8 13. Rad1 h5 14. Nxc6 Rxc6 15. Qd3 Qe7 16. Bh4 c4 17. Qg3 1-0

[Event "Oberliga Nord N 9192"]
[Site "Germany"]
[Date "1992.??.??"]
[Round "?"]
[White "Storm, Roland"]
[Black "Hegeler, Frank"]
[Result "0-1"]
[WhiteElo "2315"]
[BlackElo "2220"]
[PlyCount "82"]
[EventDate "1991.10.??"]
[EventType "team-tourn"]
[EventRounds "11"]
[EventCountry "GER"]
[SourceTitle "EXT 1997"]
[Source "ChessBase"]
[SourceDate "1996.11.15"]
[SourceVersion "1"]
[SourceVersionDate "1996.11.15"]
[SourceQuality "1"]

1. e4 e5 2. d4 exd4 3. Qxd4 Nc6 4. Qe3 Nf6 5. Nc3 Bb4 6. Bd2 0-0 7. 0-0-0 Re8 8. f3 d5 9. Qf2 d4 10. Nb5 Bc5 11. Qg3 a6 12. Nxc7 Bd6 13. Nxe8 Bxg3 14. Nxf6+ Qxf6 15. hxg3 Be6 16. Kb1 a5 17. Nh3 Nb4 18. a3 Ba2+ 19. Ka1 Nxc2+ 20. Kxa2 Qe6+ 21. Kb1 Nxa3+ 22. Ka1 Nc2+ 23. Kb1 Na3+ 24. Ka1 Nc2+ 25. Kb1 Nb4 26. Bxb4 axb4 27. Rxd4 Qa2+ 28. Kc2 Rc8+ 29. Kd3 Qxb2 30. e5 Qb1+ 31. Ke3 b3 32. Rg1 Qc1+ 33. Ke4 b2 34. Bd3 Qc6+ 35. Ke3 Qc5 36. Ke4 Qc6+ 37. Ke3 Qc5 38. Ke4 f5+ 39. Ke3 Qxe5+ 40. Be4 Rc3+ 41. Rd3 fxe4 0-1